Statistics for FIFA 17 Premier League Top 10 Strikers

Click here to take the quiz!

General Stats

  • This quiz has been taken 435 times
  • The average score is 7 of 10

Answer Stats

RankPlayerOVA% Correct
2Sergio Agüero89
93%
4Harry Kane84
88%
1Zlatan Ibrahimovic90
85%
3Diego Costa85
75%
5Romelu Lukaku84
73%
8Olivier Giroud83
64%
9Jamie Vardy82
61%
6Daniel Sturridge84
56%
10Roberto Firmino82
56%
7Islam Slimani83
24%

Score Distribution

Percentile by Number Answered

Percent of People with Each Score

Your Score History

You have not taken this quiz